Представление документа в формате RUSMARC

ПолеНазваниеЗначение
  Тип записи a
  Библиографический уровень m
001 Контрольный номер RU/УГОНБ/EK/100400
005 Дата корректировки 20250520131035.4
010 Индекс ISBN __
d Цена 2 р. 10 к.
9 Тираж 1177 экз.
100 Данные общей обработки __
a Данные общей обработки 20060428d1988 u u0rusy0189 ca
101 Язык документа 2_
a Язык текста rus
a Язык текста eng
102 Страна публикации __
a Страна публикации RU
105 Кодированные данные (монография) __
a Кодированные данные (монография) a z 001yy
200 Заглавие и сведения об ответственности 1_
a Заглавие Диалективная вариативность английского языка
e Сведения, относящиеся к заглавию аспекты теории
f Первые сведения об ответственности О. И. Бродович
210 Выходные данные 1_
a Место издания Ленинград
c Издательство Изд-во ЛГУ
d Дата издания 1988
215 Физическое описание __
a Объем 193 с.
d Формат 22 см
320 Библиография __
a Библиография Библиогр.: с. 161-173
330 Аннотация __
a Аннотация В книге рассматриваютя проблемы диалектной вариативности английского языка.
606 Тематические рубрики 0_
a Основная рубрика Английский язык
x Основная подрубрика Диалектология
610 Ключевые слова 0_
a Ключевые слова диалекты английские
610 Ключевые слова 0_
a Ключевые слова вариативность
686 Индексы других классификаций __
a Классификационный индекс 81.431
2 Код системы rubbk
700 Автор _1
a Фамилия Бродович
b Имя (инициалы) О.И.
g Полное личное имя Ольга Игоревна
801 Источник записи _0
a Страна RU
b Организация Ульяновская ОНБ
c Дата составления 20060428
g Правила каталогизации PSBO
801 Источник записи _1
a Страна RU
b Организация Ульяновская ОНБ
c Дата составления 20060428
901 Тип документа __
t Тип документа m
938 Служебная информация __
a Имя БД books
b Имя библиотеки УОНБ
c Имя АИБС МАРК-SQL
d Номер DOC_ID в БД 203512